[Event "Aeroflot Open A 2017"]
[Site "Moscow RUS"]
[Date "2017.02.21"]
[Round "1.35"]
[White "Oparin, Grigoriy"]
[Black "Kuybokarov, Temur"]
[Result "1/2-1/2"]
[WhiteTitle "GM"]
[BlackTitle "IM"]
[WhiteElo "2625"]
[BlackElo "2491"]
[WhiteFideId "24125890"]
[BlackFideId "14203049"]
[EventDate "2017.02.21"]

1. Nf3 d5 2. g3 Bg4 3. Bg2 c6 4. O-O Nd7 5. d3 Ngf6 6. c4 e6 7. cxd5 exd5 8. Nc3
Bc5 9. Qb3 Bb6 10. Na4 O-O 11. Nxb6 axb6 12. Qc2 Re8 13. b3 Qe7 14. Re1 Bxf3 15.
Bxf3 Ne5 16. Bg2 d4 17. Bb2 Qd7 18. Qd2 c5 19. b4 Nc6 20. a3 Nd5 21. e4 dxe3 22.
fxe3 Rad8 23. Rad1 Qg4 24. e4 Nc7 25. e5 Ne6 26. Re4 Qg6 27. Rh4 Ned4 28. Bxd4
Nxd4 29. Be4 Qxe4 30. Rxe4 Nf3+ 31. Kf2 Nxd2 32. Rxd2 f6 33. bxc5 bxc5 34. Rb2
Rxd3 35. Rxb7 Rxe5 36. Rxe5 fxe5 37. Rc7 Rxa3 38. Rxc5 Ra2+ 39. Kf3 Rxh2 40.
Rxe5 Kf7 41. Ra5 Rh6 42. Ra7+ Kg6 1/2-1/2

[Event "Aeroflot Open A 2017"]
[Site "Moscow RUS"]
[Date "2017.02.21"]
[Round "1.40"]
[White "Debashis, Das"]
[Black "Rozum, Ivan"]
[Result "1/2-1/2"]
[WhiteTitle "GM"]
[BlackTitle "GM"]
[WhiteElo "2472"]
[BlackElo "2601"]
[WhiteFideId "5024854"]
[BlackFideId "24104272"]
[EventDate "2017.02.21"]

1. d4 Nf6 2. c4 e6 3. Nc3 Bb4 4. Qc2 c5 5. dxc5 Qc7 6. a3 Bxc5 7. Nf3 a6 8. Bg5
Be7 9. e4 d6 10. Be2 Nbd7 11. O-O b6 12. Rad1 Bb7 13. Rfe1 O-O 14. Bf1 Rfd8 15.
h3 Rac8 16. Rd2 Nf8 17. Qb1 Ng6 18. Red1 Bc6 19. Be3 Qb7 20. Bd3 Qc7 21. b4 Nd7
22. Rc1 Bb7 23. Bf1 Bf6 24. Rdd1 Qb8 25. Nd4 Nge5 26. Na4 Ba8 27. f3 h6 28. Qa2
Rc7 29. Qf2 Rdc8 30. Nb2 Be7 31. Nb3 Bc6 32. Nd4 Ba8 33. Kh1 Bf8 34. Qe1 Bb7 35.
Qf2 Be7 36. Kg1 1/2-1/2

[Event "Aeroflot Open A 2017"]
[Site "Moscow RUS"]
[Date "2017.02.21"]
[Round "1.43"]
[White "Tari, Aryan"]
[Black "Praggnanandhaa, R"]
[Result "1-0"]
[WhiteTitle "GM"]
[BlackTitle "IM"]
[WhiteElo "2596"]
[BlackElo "2455"]
[WhiteFideId "1510045"]
[BlackFideId "25059530"]
[EventDate "2017.02.21"]

1. e4 e5 2. Nf3 Nc6 3. Bb5 g6 4. c3 a6 5. Ba4 d6 6. d4 Bd7 7. O-O Bg7 8. Re1 h6
9. Be3 Nge7 10. dxe5 Nxe5 11. Nxe5 dxe5 12. Nd2 O-O 13. Bxd7 Qxd7 14. a4 Rad8
15. Qb3 Qc6 16. Qb4 Nc8 17. f3 Rfe8 18. Rad1 Nd6 19. c4 a5 20. Qxa5 Nxc4 21.
Nxc4 Rxd1 22. Rxd1 Qxc4 23. Qb5 Qxb5 24. axb5 Ra8 25. b4 b6 26. Rd7 Ra4 27. Rd8+
Kh7 28. Rd7 Kg8 29. Bd2 Bf8 30. Rxc7 Bxb4 31. Be3 Ra8 32. Rc6 Bf8 33. h4 h5 34.
Kh2 Be7 35. Bxb6 Rb8 36. Kh3 Bf8 37. g4 hxg4+ 38. Kxg4 Kg7 39. h5 gxh5+ 40. Kxh5
Bb4 41. Kg4 Bd2 42. Kf5 Bf4 43. Rd6 Kh7 44. Kf6 Rb7 45. Kf5 Rb8 46. Rc6 Kh8 47.
Kg4 Rg8+ 48. Kh4 Kh7 49. Bc7 f6 50. b6 Kg6 51. Rc2 Rh8+ 52. Kg4 f5+ 53. exf5+
Kf6 54. Rc6+ Kf7 55. b7 Rh2 56. f6 1-0

[Event "Aeroflot Open A 2017"]
[Site "Moscow RUS"]
[Date "2017.02.21"]
[Round "1.44"]
[White "Lomasov, Semen"]
[Black "Bindrich, Falko"]
[Result "1/2-1/2"]
[WhiteTitle "IM"]
[BlackTitle "GM"]
[WhiteElo "2450"]
[BlackElo "2590"]
[WhiteFideId "24164879"]
[BlackFideId "4676670"]
[EventDate "2017.02.21"]

1. e4 e5 2. Nf3 Nc6 3. Bb5 Nf6 4. O-O Nxe4 5. d4 Nd6 6. dxe5 Nxb5 7. a4 Nbd4 8.
Nxd4 d5 9. exd6 Nxd4 10. Qxd4 Qxd6 11. Qe3+ Be7 12. Nc3 c6 13. Re1 Be6 14. Ne4
Qd5 15. Bd2 O-O 16. Bc3 Qf5 17. Rad1 Rfe8 1/2-1/2

[Event "Aeroflot Open A 2017"]
[Site "Moscow RUS"]
[Date "2017.02.21"]
[Round "1.45"]
[White "Kulaots, Kaido"]
[Black "Xu, Yi"]
[Result "1/2-1/2"]
[WhiteTitle "GM"]
[BlackTitle "IM"]
[WhiteElo "2590"]
[BlackElo "2444"]
[WhiteFideId "4500261"]
[BlackFideId "8605564"]
[EventDate "2017.02.21"]

1. c4 Nf6 2. Nc3 e6 3. e4 d5 4. cxd5 exd5 5. e5 Ne4 6. Nf3 Bf5 7. d4 Bb4 8. Bd2
Bxc3 9. Bxc3 O-O 10. Be2 c5 11. dxc5 Nxc3 12. bxc3 Qa5 13. O-O Qxc5 14. Bd3 Bxd3
15. Qxd3 Qc4 16. Qxc4 dxc4 17. Rab1 b6 18. Rb4 Rc8 19. Rd1 Na6 20. Ra4 Nc7 21.
Rxc4 Nb5 22. Rxc8+ Rxc8 23. c4 Na3 24. Rd7 Nxc4 25. Rxa7 Nxe5 26. Kf1 Nxf3 27.
gxf3 g6 28. a4 Rc2 29. a5 bxa5 30. Rxa5 1/2-1/2

[Event "Aeroflot Open A 2017"]
[Site "Moscow RUS"]
[Date "2017.02.21"]
[Round "1.49"]
[White "Antipov, Mikhail Al."]
[Black "Karavade, Eesha"]
[Result "1/2-1/2"]
[WhiteTitle "GM"]
[BlackTitle "IM"]
[WhiteElo "2582"]
[BlackElo "2418"]
[WhiteFideId "4107012"]
[BlackFideId "5012600"]
[EventDate "2017.02.21"]

1. e4 e5 2. Nf3 Nc6 3. Bc4 Bc5 4. c3 Nf6 5. d3 O-O 6. Bg5 d6 7. Nbd2 Be6 8. Qe2
a6 9. h3 Re8 10. Nf1 Bxc4 11. dxc4 Qe7 12. N3d2 Qe6 13. Ne3 Bxe3 14. Bxe3 Ne7
15. O-O c6 16. Rfd1 h6 17. a4 d5 18. Bc5 Ng6 19. cxd5 cxd5 20. exd5 Nxd5 21. Be3
Rac8 22. a5 Red8 23. Nf1 e4 24. Ra4 Nxe3 25. Nxe3 Nf4 26. Rxd8+ Rxd8 27. Qc4 Rd2
28. Qxe4 Ne2+ 29. Kf1 Rxb2 30. Qxe6 fxe6 31. Rb4 Ra2 32. Nd1 Nc1 33. Rb1 1/2-1/2

[Event "Aeroflot Open A 2017"]
[Site "Moscow RUS"]
[Date "2017.02.22"]
[Round "2.1"]
[White "Sethuraman, S.P."]
[Black "Matlakov, Maxim"]
[Result "0-1"]
[WhiteTitle "GM"]
[BlackTitle "GM"]
[WhiteElo "2623"]
[BlackElo "2701"]
[WhiteFideId "5021596"]
[BlackFideId "4168003"]
[EventDate "2017.02.21"]

1. e4 c5 2. Nf3 Nc6 3. d4 cxd4 4. Nxd4 Nf6 5. Nc3 e5 6. Ndb5 d6 7. Bg5 a6 8. Na3
b5 9. Nd5 Be7 10. Bxf6 Bxf6 11. c4 b4 12. Nc2 O-O 13. g3 a5 14. Qf3 Bg5 15. h4
Bh6 16. Bh3 Be6 17. Rd1 a4 18. Kf1 Qb8 19. b3 axb3 20. axb3 Ra2 21. Qd3 Bxd5 22.
cxd5 Na5 23. Kg2 Qb6 24. Ra1 Rb2 25. Rhb1 Rxb1 26. Rxb1 Nb7 27. Qc4 Bd2 28. Qc6
Qc5 29. Ne1 Bxe1 30. Rxe1 Na5 31. Qa4 Nb7 32. Qd7 Qb6 33. Qc6 Qa7 34. h5 Qb8 35.
h6 Nc5 36. hxg7 Kxg7 37. Bf5 Nxb3 38. Qc2 Nd4 39. Qd2 h6 40. Rh1 Rh8 41. Rxh6
Rxh6 42. Qg5+ Rg6 43. Bxg6 fxg6 44. Qe7+ Kg8 45. Qf6 Qe8 46. Qxd6 b3 47. Qb6 Kg7
48. Qc7+ Kh6 49. d6 Qc6 50. Qd8 Qxe4+ 51. Kh2 Nf3+ 52. Kh3 Ng5+ 53. Kh2 b2 54.
Qf8+ Kh5 55. Qh8+ Kg4 56. Qh4+ Kf5 0-1

[Event "Aeroflot Open A 2017"]
[Site "Moscow RUS"]
[Date "2017.02.22"]
[Round "2.2"]
[White "Vavulin, Maksim"]
[Black "Movsesian, Sergei"]
[Result "1/2-1/2"]
[WhiteTitle "IM"]
[BlackTitle "GM"]
[WhiteElo "2604"]
[BlackElo "2679"]
[WhiteFideId "4169530"]
[BlackFideId "310204"]
[EventDate "2017.02.21"]

1. e4 e5 2. Bc4 Nf6 3. d3 Nc6 4. Nc3 Na5 5. Nge2 c6 6. O-O Be7 7. a4 Nxc4 8.
dxc4 d6 9. b3 O-O 10. Ng3 h6 11. h3 Be6 12. Qf3 Qa5 13. Rd1 Rfd8 14. Ba3 Bf8 15.
Bb2 Rd7 16. Nf5 Ne8 17. Rd3 Rad8 18. Rad1 Kh7 19. Kh2 Qc7 20. Ne3 Kg8 21. Kg1
Kh7 22. Kh2 Kg8 23. Kg1 1/2-1/2

[Event "Aeroflot Open A 2017"]
[Site "Moscow RUS"]
[Date "2017.02.22"]
[Round "2.4"]
[White "Bok, Benjamin"]
[Black "Motylev, Alexander"]
[Result "1/2-1/2"]
[WhiteTitle "GM"]
[BlackTitle "GM"]
[WhiteElo "2596"]
[BlackElo "2663"]
[WhiteFideId "1017063"]
[BlackFideId "4121830"]
[EventDate "2017.02.21"]

1. e4 e5 2. Nf3 Nf6 3. Nxe5 d6 4. Nf3 Nxe4 5. d4 d5 6. Bd3 Nc6 7. O-O Be7 8.
Nbd2 Nxd2 9. Bxd2 Bg4 10. c3 O-O 11. h3 Bh5 12. g3 Bg6 13. Ne1 Qd7 14. Qg4 Qxg4
15. hxg4 f6 16. Kg2 Rfe8 17. Bxg6 hxg6 18. Nd3 Bd6 19. g5 Kf7 20. Bf4 Bxf4 21.
Nxf4 Rad8 22. Rae1 Rxe1 23. Rxe1 Rd6 24. Kf3 Nd8 25. gxf6 gxf6 26. Rh1 Kg7 27.
Re1 Kf7 28. Rh1 Kg7 29. Re1 Kf7 1/2-1/2

[Event "Aeroflot Open A 2017"]
[Site "Moscow RUS"]
[Date "2017.02.22"]
[Round "2.5"]
[White "Tari, Aryan"]
[Black "Najer, Evgeniy"]
[Result "1/2-1/2"]
[WhiteTitle "GM"]
[BlackTitle "GM"]
[WhiteElo "2596"]
[BlackElo "2659"]
[WhiteFideId "1510045"]
[BlackFideId "4118987"]
[EventDate "2017.02.21"]

1. e4 c5 2. Nf3 e6 3. d4 cxd4 4. Nxd4 Nc6 5. Nc3 Qc7 6. Qd3 Nf6 7. Ndb5 Qb8 8.
Qg3 d6 9. Be3 a6 10. Nd4 h5 11. f4 h4 12. Qf3 e5 13. Nb3 Bg4 14. Qf2 b5 15. a3
Be7 16. h3 Be6 17. f5 Bc4 18. Be2 Bxe2 19. Qxe2 b4 20. Nd5 bxa3 21. Qc4 Qb7 22.
Rxa3 Nxd5 23. Qxd5 O-O 24. O-O Rfb8 25. Bd2 Nd4 26. Nxd4 Qxd5 27. exd5 exd4 28.
b4 Bf6 29. Rfa1 Rb6 30. R1a2 Kh7 31. Kf2 Rc8 32. Ke2 Rb5 33. Ra5 Rxa5 34. Rxa5
Rxc2 35. Kd3 Rb2 36. Rxa6 Rb3+ 37. Kc4 Rb2 38. Kd3 Rb3+ 39. Kc4 Rb2 40. Kd3 1/2-1/2

[Event "Aeroflot Open A 2017"]
[Site "Moscow RUS"]
[Date "2017.02.22"]
[Round "2.6"]
[White "Alekseenko, Kirill"]
[Black "Artemiev, Vladislav"]
[Result "1/2-1/2"]
[WhiteTitle "GM"]
[BlackTitle "GM"]
[WhiteElo "2588"]
[BlackElo "2655"]
[WhiteFideId "4135539"]
[BlackFideId "24101605"]
[EventDate "2017.02.21"]

1. e4 c5 2. Nf3 e6 3. d4 cxd4 4. Nxd4 a6 5. Nc3 b5 6. Bd3 Ne7 7. O-O Nec6 8. Nb3
Be7 9. f4 d6 10. Qf3 Nd7 11. Be3 Bb7 12. a4 b4 13. Ne2 Bf6 14. Rad1 Qc7 15. Qg3
g6 16. f5 gxf5 17. exf5 e5 18. c4 Ne7 19. Qe1 Rg8 20. Ng3 Bh4 21. c5 d5 22. Bf2
Nf6 23. Qxb4 d4 24. Na5 Bxg2 25. Kxg2 Rb8 26. Qe1 Rxb2 27. Rb1 Rxb1 28. Bxb1
Qxc5 29. Kh3 Nfd5 30. Qxe5 Bf6 31. Qb8+ Kd7 32. Qb7+ Ke8 33. Be1 Qc1 34. Be4
Qxe1 35. Qb8+ Kd7 36. Qb7+ Ke8 37. Qb8+ Kd7 38. Qa7+ Ke8 39. Qa8+ Kd7 40. Qa7+
Ke8 1/2-1/2

[Event "Aeroflot Open A 2017"]
[Site "Moscow RUS"]
[Date "2017.02.22"]
[Round "2.7"]
[White "Cordova, Emilio"]
[Black "Kraemer, Martin"]
[Result "1/2-1/2"]
[WhiteTitle "GM"]
[BlackTitle "GM"]
[WhiteElo "2655"]
[BlackElo "2571"]
[WhiteFideId "3801497"]
[BlackFideId "4671910"]
[EventDate "2017.02.21"]

1. Nf3 d5 2. d4 Nf6 3. Bf4 c5 4. e3 Nc6 5. Nbd2 e6 6. c3 cxd4 7. exd4 Nh5 8. Bg5
f6 9. Be3 Bd6 10. Nh4 g6 11. Bh6 Qc7 12. g3 Ng7 13. Be2 O-O 14. O-O Bd7 15. Rc1
Rac8 16. Re1 Nd8 17. c4 Nf7 18. Bxg7 Kxg7 19. c5 Be7 20. Bf3 f5 21. Ng2 Bf6 22.
Nf4 Rfe8 23. Nb3 a5 24. Bg2 a4 25. Na1 Bg5 26. Qd2 b6 27. b4 bxc5 28. bxc5 Rb8
29. a3 Bxf4 30. gxf4 Nd8 31. Rc3 Nc6 32. Bf1 Qa5 33. Rec1 Rb7 34. Qe3 Reb8 35.
Nc2 Qc7 36. Ne1 Rb3 37. Nf3 h6 38. Be2 Rxc3 39. Rxc3 Rb1+ 40. Kg2 Qb8 41. Bd3
Rb3 42. Bc2 Rxc3 43. Qxc3 Qxf4 44. Bxa4 Qe4 45. Bxc6 Bxc6 46. h3 g5 47. Kg1 Bb5
48. Ne5 Qb1+ 49. Kh2 Qf1 50. Qf3 Be2 51. Qg2 Qc1 52. Qg3 Bb5 53. Qe3 Qf1 54. f4
Kf6 55. fxg5+ hxg5 56. h4 f4 57. hxg5+ Kxg5 58. Qg1+ Qxg1+ 59. Kxg1 Kf5 60. a4
Bxa4 61. c6 Bb5 62. c7 Ba6 63. Nd7 Bc8 64. Nb6 Ba6 65. Nd7 Bc8 66. Nb6 Ba6 67.
Nd7 Bc8 1/2-1/2

[Event "Aeroflot Open A 2017"]
[Site "Moscow RUS"]
[Date "2017.02.22"]
[Round "2.8"]
[White "Gordievsky, Dmitry"]
[Black "Iturrizaga Bonelli, Eduardo"]
[Result "1/2-1/2"]
[WhiteTitle "IM"]
[BlackTitle "GM"]
[WhiteElo "2564"]
[BlackElo "2652"]
[WhiteFideId "24112798"]
[BlackFideId "3901211"]
[EventDate "2017.02.21"]

1. d4 Nf6 2. c4 e6 3. Nf3 b6 4. g3 Ba6 5. b3 Bb7 6. Bg2 c5 7. O-O cxd4 8. Qxd4
Nc6 9. Qf4 Ne7 10. Bb2 Ng6 11. Qd2 d5 12. cxd5 Nxd5 13. a3 Nf6 14. Qxd8+ Rxd8
15. Nc3 a6 16. Rfd1 Be7 17. Rxd8+ Bxd8 18. Nd4 Bxg2 19. Kxg2 Kd7 20. Rd1 Kc8 21.
f4 Bc7 22. f5 e5 23. Nc2 Ne7 24. e4 Rd8 25. Rxd8+ Kxd8 26. Kf3 Kd7 27. g4 h6 28.
Nb4 a5 29. Nd3 Ne8 30. Nb5 f6 31. a4 Bd8 32. Kg3 Nc8 33. Kh4 Ned6 34. Nc3 Ke8
35. Ba3 Nb7 36. Nd5 Na7 37. Kh5 Kf7 38. Nc3 Nc6 39. Nb5 Be7 40. Bxe7 Nxe7 41.
Nb2 Nc8 1/2-1/2

[Event "Aeroflot Open A 2017"]
[Site "Moscow RUS"]
[Date "2017.02.22"]
[Round "2.9"]
[White "Moskalenko, Alexander"]
[Black "Berkes, Ferenc"]
[Result "1/2-1/2"]
[WhiteTitle "IM"]
[BlackTitle "GM"]
[WhiteElo "2488"]
[BlackElo "2648"]
[WhiteFideId "4155351"]
[BlackFideId "718572"]
[EventDate "2017.02.21"]

1. e4 c6 2. Nc3 d5 3. Nf3 Bg4 4. h3 Bxf3 5. Qxf3 Nf6 6. d4 dxe4 7. Qe3 Nbd7 8.
Be2 g6 9. Nxe4 Nxe4 10. Qxe4 Bg7 11. c3 O-O 12. O-O Re8 13. Rd1 e5 14. dxe5 Rxe5
15. Qc2 Qe7 16. Bf1 Nb6 17. Bd2 Rd8 18. Bf4 Red5 19. Re1 Qf8 20. Qb3 R5d7 21.
Bg5 Re8 22. Be3 Nc8 23. Rad1 Red8 24. a4 a6 25. a5 Rxd1 26. Rxd1 Rxd1 27. Qxd1
Qd6 28. Qb3 Qc7 29. Bc4 Be5 30. g4 Nd6 31. Bb6 Qe7 32. Bc5 Kg7 33. Kf1 Qc7 34.
Bb6 Qe7 35. Bc5 Qc7 36. Bb6 Qc8 37. Bc5 Ne4 38. Be3 Qc7 39. Bd3 Nf6 40. Bc4 h5
41. g5 Ne8 42. Qb4 Kg8 43. Bd3 Ng7 44. Qc4 Kh7 45. f4 Bd6 46. Kg2 Qd7 47. Bc2
Nf5 48. Bc1 Kg8 49. b4 Bf8 50. Qd3 Qe6 51. Bd2 Bg7 52. Qe4 Qa2 53. Qd3 Kh7 54.
Kf2 Bf8 55. Bb1 Qe6 56. Qe4 Qd7 57. Qd3 Bd6 58. Ba2 Bc5+ 59. Ke2 Qe7+ 60. Kf3
Ba7 61. Bc4 Kg7 62. Qe2 Nh4+ 63. Kg3 Nf5+ 64. Kf3 Nh4+ 1/2-1/2

[Event "Aeroflot Open A 2017"]
[Site "Moscow RUS"]
[Date "2017.02.22"]
[Round "2.10"]
[White "Narayanan, Srinath"]
[Black "Gupta, Abhijeet"]
[Result "1/2-1/2"]
[WhiteTitle "IM"]
[BlackTitle "GM"]
[WhiteElo "2474"]
[BlackElo "2645"]
[WhiteFideId "5018420"]
[BlackFideId "5010608"]
[EventDate "2017.02.21"]

1. e4 e6 2. d4 d5 3. Nd2 c5 4. exd5 Qxd5 5. Ngf3 cxd4 6. Bc4 Qd6 7. O-O Nf6 8.
Nb3 Nc6 9. Nbxd4 Nxd4 10. Nxd4 a6 11. c3 Qc7 12. Bd3 Bd6 13. h3 h6 14. Re1 Bd7
15. a4 Bh2+ 16. Kh1 Be5 17. Nf3 Bd6 18. Be3 Bc5 19. Qe2 O-O 20. Bxc5 Qxc5 21.
Ne5 Rad8 22. a5 Bc6 23. Qe3 1/2-1/2

[Event "Aeroflot Open A 2017"]
[Site "Moscow RUS"]
[Date "2017.02.22"]
[Round "2.11"]
[White "Swiercz, Dariusz"]
[Black "Kovalevskaya, Ekaterina"]
[Result "1/2-1/2"]
[WhiteTitle "GM"]
[BlackTitle "IM"]
[WhiteElo "2645"]
[BlackElo "2423"]
[WhiteFideId "1126881"]
[BlackFideId "4116704"]
[EventDate "2017.02.21"]

1. d4 Nf6 2. Nf3 c5 3. d5 g6 4. Nc3 Bg7 5. e4 d6 6. Bb5+ Nfd7 7. a4 Na6 8. O-O
Nc7 9. Be2 O-O 10. Nd2 Rb8 11. Nc4 b6 12. Bf4 Ba6 13. Ne3 Bxe2 14. Qxe2 a6 15.
Nc4 f6 16. Bg3 Ne5 17. Na3 Qd7 18. f4 Nf7 19. Nc4 b5 20. axb5 axb5 21. Ne3 Ra8
22. Rxa8 Rxa8 23. f5 b4 24. fxg6 hxg6 25. Ncd1 Nh6 26. h4 Rf8 27. Bf4 Nf7 28. h5
g5 29. Nf5 Nh6 30. Nxh6+ Bxh6 31. Bd2 f5 32. Ne3 fxe4 33. Rxf8+ Bxf8 34. Qc4 Qe8
35. g4 Qf7 36. Qxe4 Qf4 37. Qg2 Qe5 38. c3 bxc3 39. bxc3 Bg7 40. Qf3 Bf6 41. Kg2
Qf4 42. c4 Qd4 43. Bc1 Qc3 44. Qf1 Na8 45. Nf5 1/2-1/2

[Event "Aeroflot Open A 2017"]
[Site "Moscow RUS"]
[Date "2017.02.22"]
[Round "2.13"]
[White "Blomqvist, Erik"]
[Black "Yu, Yangyi"]
[Result "0-1"]
[WhiteTitle "GM"]
[BlackTitle "GM"]
[WhiteElo "2573"]
[BlackElo "2738"]
[WhiteFideId "1709437"]
[BlackFideId "8603820"]
[EventDate "2017.02.21"]

1. e4 e6 2. d4 d5 3. Nd2 c5 4. exd5 Qxd5 5. dxc5 Nf6 6. Ngf3 Qxc5 7. Bd3 Be7 8.
Qe2 Nbd7 9. O-O O-O 10. a4 Qc7 11. a5 Nd5 12. Ne4 Nf4 13. Bxf4 Qxf4 14. Rfd1 Ne5
15. Nxe5 Qxe5 16. Nc3 Bf6 17. Ne4 Be7 18. Nc3 Qxe2 19. Bxe2 Rb8 20. Bf3 g6 21.
g3 Kg7 22. Nb5 a6 23. Nd6 b5 24. axb6 Rxb6 25. Nc4 Rb5 26. b3 h5 27. h4 g5 28.
hxg5 Rxg5 29. Ra5 Rxa5 30. Nxa5 h4 31. gxh4 Bxh4 32. Kf1 e5 33. Nc4 Bf5 34. Ne3
Bg6 35. Ra1 e4 36. Be2 f5 37. Rxa6 f4 38. Ng4 Bf5 39. Ra7+ Kg6 40. Ne5+ Kf6 41.
Nd7+ Bxd7 42. Rxd7 f3 43. Bb5 Ra8 44. Rd1 Ra2 45. Re1 Rxc2 46. Rxe4 Rxf2+ 47.
Kg1 Kg5 48. Bf1 Rb2 49. b4 Bg3 50. b5 Bh2+ 51. Kh1 Bc7 52. Kg1 Bb6+ 53. Kh1 Rb1
54. Re5+ Kf4 0-1

[Event "Aeroflot Open A 2017"]
[Site "Moscow RUS"]
[Date "2017.02.22"]
[Round "2.14"]
[White "Vitiugov, Nikita"]
[Black "Predke, Alexandr"]
[Result "1/2-1/2"]
[WhiteTitle "GM"]
[BlackTitle "GM"]
[WhiteElo "2724"]
[BlackElo "2573"]
[WhiteFideId "4152956"]
[BlackFideId "24107581"]
[EventDate "2017.02.21"]

1. e4 c5 2. Nf3 d6 3. d4 cxd4 4. Nxd4 Nf6 5. Nc3 Nc6 6. Bg5 e6 7. Qd2 Be7 8.
O-O-O Nxd4 9. Qxd4 O-O 10. f4 Qa5 11. e5 dxe5 12. Qxe5 Qxe5 13. fxe5 Nd5 14.
Bxe7 Nxe7 15. Bd3 b6 16. Be4 Rb8 17. Nb5 Bb7 18. Rhe1 a6 19. Nc7 a5 20. Rd7 Ng6
21. Nb5 Bc8 22. Rd6 Nxe5 23. Bxh7+ Kxh7 24. Rxe5 Ba6 25. a4 Rfd8 26. b3 Rxd6 27.
Nxd6 Kg8 28. Re3 Kf8 29. g3 Rd8 30. Ne4 Ke7 31. Ng5 Bb7 32. h4 Rd6 33. Nh3 f6
34. Nf4 e5 35. Nd3 Bc8 36. Nf2 Rd4 37. Rc3 Bd7 38. Rc7 f5 39. Nd3 Kf6 40. Nb2 f4
41. gxf4 exf4 42. Nd3 Kf5 43. Kd2 Kg4 44. Kc3 Rd5 45. Rc4 Rf5 46. Rc7 Rd5 47.
Rc4 Rf5 48. Rc7 Rd5 1/2-1/2

[Event "Aeroflot Open A 2017"]
[Site "Moscow RUS"]
[Date "2017.02.22"]
[Round "2.15"]
[White "Karthikeyan, Murali"]
[Black "Inarkiev, Ernesto"]
[Result "0-1"]
[WhiteTitle "GM"]
[BlackTitle "GM"]
[WhiteElo "2578"]
[BlackElo "2723"]
[WhiteFideId "5074452"]
[BlackFideId "4162722"]
[EventDate "2017.02.21"]

1. e4 e5 2. Nf3 Nc6 3. Bb5 a6 4. Ba4 Nf6 5. O-O Be7 6. d3 b5 7. Bb3 d6 8. c3 O-O
9. Nbd2 h6 10. Re1 Re8 11. Nf1 Bf8 12. a4 Be6 13. Bxe6 Rxe6 14. Ne3 Ne7 15. h3
c6 16. Ng4 Nd7 17. d4 Ng6 18. axb5 axb5 19. Rxa8 Qxa8 20. dxe5 Ndxe5 21. Nd4 Re8
22. Nf5 c5 23. h4 Nxg4 24. Qxg4 h5 25. Qe2 Ne5 26. Rd1 Nc4 27. b3 Rxe4 28. Qxh5
Ne5 29. f3 Re2 30. Qg5 Qa2 31. f4 Qc2 32. Rf1 f6 33. Nh6+ Kh7 34. Qg3 Qd3 35.
Nf5 Qxf5 36. fxe5 Qxe5 37. Bf4 Qe4 38. h5 d5 39. h6 gxh6 40. Qh3 d4 41. cxd4 Re1
42. Rxe1 Qxe1+ 43. Kh2 Qe4 44. Qd7+ Bg7 45. Bg3 cxd4 46. Qxb5 d3 47. Qd7 Kg6 48.
b4 h5 49. b5 h4 50. Bc7 Bh6 51. b6 d2 52. b7 Qxb7 53. Qd3+ f5 54. Qd6+ Kh5 55.
Ba5 Qb3 0-1

[Event "Aeroflot Open A 2017"]
[Site "Moscow RUS"]
[Date "2017.02.22"]
[Round "2.16"]
[White "Jobava, Baadur"]
[Black "Maghsoodloo, Parham"]
[Result "1/2-1/2"]
[WhiteTitle "GM"]
[BlackTitle "GM"]
[WhiteElo "2701"]
[BlackElo "2575"]
[WhiteFideId "13601520"]
[BlackFideId "12539929"]
[EventDate "2017.02.21"]

1. d4 Nf6 2. Bg5 e6 3. Nd2 c5 4. e3 cxd4 5. exd4 Be7 6. Bd3 b6 7. Qf3 Nc6 8. c3
Bb7 9. Qg3 Nh5 10. Bxe7 Nxe7 11. Qg4 Ng6 12. Ne4 Bxe4 13. Qxe4 Nhf4 14. Bf1 O-O
15. Nf3 Qc7 16. g3 Nd5 17. Bd3 Rfe8 18. O-O d6 19. Rfe1 Nf6 20. Qe2 Re7 21. Qc2
e5 22. Re3 Rae8 23. Rae1 exd4 24. Rxe7 Rxe7 25. Rxe7 Nxe7 26. Nxd4 Nc6 27. Nxc6
Qxc6 28. Qe2 Kf8 29. Bc2 g6 30. Bb3 Qc5 31. Qf3 Kg7 32. Kg2 Qe5 33. Qd3 Kf8 34.
Bd1 Kg7 35. Bf3 d5 36. Qa6 g5 37. h3 Qe7 38. Qa4 h6 39. Qd4 Qe6 40. a4 Kf8 41.
a5 Kg8 42. b3 Kg7 43. g4 Kg6 44. Qd3+ Kg7 45. Qa6 d4 46. cxd4 Nd5 47. Bxd5 Qxd5+
48. Kg1 Qxd4 49. Qxa7 Qd1+ 1/2-1/2

[Event "Aeroflot Open A 2017"]
[Site "Moscow RUS"]
[Date "2017.02.22"]
[Round "2.17"]
[White "Kotronias, Vasilios"]
[Black "Mamedov, Rauf"]
[Result "1/2-1/2"]
[WhiteTitle "GM"]
[BlackTitle "GM"]
[WhiteElo "2524"]
[BlackElo "2688"]
[WhiteFideId "5900212"]
[BlackFideId "13401653"]
[EventDate "2017.02.21"]

1. e4 c5 2. Nf3 Nc6 3. d4 cxd4 4. Nxd4 g6 5. Nc3 Bg7 6. Be3 Nf6 7. Bc4 Qa5 8.
O-O d6 9. h3 O-O 10. Bb3 Bd7 11. Re1 Rac8 12. Qd2 Rfe8 13. Rad1 Nxd4 14. Bxd4
Bc6 15. Bxf6 Bxf6 16. Nd5 Qxd2 17. Nxf6+ exf6 18. Rxd2 d5 19. Bxd5 Bxd5 20. Rxd5
Rxc2 21. Rb5 b6 22. a4 Rd8 23. Rd5 Rdc8 24. b3 Rb2 25. Rd3 Kg7 26. Red1 Re8 27.
Re3 Re6 28. Rd7 a5 29. g4 1/2-1/2

[Event "Aeroflot Open A 2017"]
[Site "Moscow RUS"]
[Date "2017.02.22"]
[Round "2.18"]
[White "Adhiban, Baskaran"]
[Black "Grigoriants, Sergey"]
[Result "1/2-1/2"]
[WhiteTitle "GM"]
[BlackTitle "GM"]
[WhiteElo "2682"]
[BlackElo "2564"]
[WhiteFideId "5018471"]
[BlackFideId "4130804"]
[EventDate "2017.02.21"]

1. d4 Nf6 2. c4 e6 3. Nf3 d5 4. Nc3 a6 5. cxd5 exd5 6. Bg5 Be6 7. e3 Nbd7 8. Bd3
h6 9. Bh4 g5 10. Bg3 Nh5 11. Be5 Ng7 12. Bg3 Nh5 13. e4 Nb6 14. Be5 Bg7 15. Bxg7
Nxg7 16. h4 g4 17. Ne5 h5 18. Qe2 O-O 19. O-O-O Qf6 20. Qd2 c5 21. dxc5 d4 22.
Qg5 Qxg5+ 23. hxg5 Rac8 24. cxb6 Rc5 25. Bc2 dxc3 26. Nd7 cxb2+ 27. Kxb2 Rb5+
28. Bb3 Rc8 29. Nf6+ Kf8 30. Nxh5 Nxh5 31. Rxh5 Rc6 32. Rh8+ Kg7 33. Rdd8 Rxg5
34. Bxe6 Rxe6 35. Rhg8+ Kf6 1/2-1/2